000 01727nam a22002897a 4500
005 20150728020001.0
008 140520b2012 ec ||||| |||| 00| 0 spa d
020 _a9789942113733
041 _ager
044 _aec
082 0 4 _a574.52621
_bC92p
100 1 _aCrespo-Coello, Patricio
_91512
245 1 0 _aPuentes entre alturas :
_bLa sistematización del Proyecto Páramo Andino en Venezuela, Colombia, Ecuador y Perú
260 _aQuito
_bCONDESAN
_c2012
300 _a299 p.
_bfot. (col), tablas
_c23 cm.
504 _aIncluye referencias bibliográfcas (pag. 258-259)
505 _aPresentación (p. 14) Introducción (p. 18) El Proyecto Páramo Andino (p. 24) La reconstrucción histórica de la experiencia (p. 42) Hallazgos, miradas y reflexiones: el legado del PPA (p. 86) Grandes cambios en el mundo paramero (p. 208) La sostenibilidad y las perspectivas futuras (p. 232)
520 _aLa experiencia del Proyecto Páramo Andino entrelazó a las comunidades u a os beneficiarios de los Páramos a los técnicos institucionales y a las organizaciones que trabajan en y por este ecosistema en Perú, Ecuador, Colombia y Venezuela. Trabajo de reflexión dirigido a todos los públicos pero especialmente a quienes quieran emprender en el futuro nuevas actividades de conservación de los páramos andinos.
650 6 _aPáramos
_vproyectos
_zRegión Andina
_924147
650 6 _aEcosistemas
_vproyectos
_zRegión Andina
_924148
650 6 _aEcología de páramos
_vproyectos
_zRegión Andina
_924149
651 6 _aEcuador
_zRegión Andina
_924150
651 6 _aColombia
_zRegión Andina
_924151
651 6 _aPerú
_zRegión Andina
_924152
651 6 _aVenezuela
_zRegión Andina
_924153
942 _2ddc
_cImpreso
_04
999 _c8439
_d8439